Simposio sobre la alteración de los materiales pétreos utilizados en los monumentos (Record no. 144101)

MARC details
000 -LEADER
campo de control de longitud fija 01184nam a2200217 4500
001 - NÚMERO DE CONTROL
campo de control 144101
003 - IDENTIFICADOR DE NÚMERO DE CONTROL
campo de control ES-MaACL
005 - FECHA Y HORA DE LA ÚLTIMA TRANSACCIÓN
campo de control 20230906200938.0
007 - CAMPO FIJO DE DESCRIPCIÓN FÍSICA--INFORMACIÓN GENERAL
campo de control de longitud fija t|
008 - DATOS DE LONGITUD FIJA--INFORMACIÓN GENERAL
campo de control de longitud fija 070214s1967 sp r ||||1| spa d
111 2# - ENTRADA PRINCIPAL--NOMBRE DE CONGRESO/REUNIÓN
Nombre de congreso/reunión o jurisdicción como elemento de entrada Simposio sobre la Alteración de los Materiales Pétreos Utilizados en los Monumentos (
Sede del congreso/Lugar de la reunión Madrid (
Fecha del congreso o de la firma del tratado 1965) (
Número del congreso/reunión o número de parte o sección . 1º)
9 (RLIN) 220967
245 10 - MENCIÓN DEL TÍTULO
Título Simposio sobre la alteración de los materiales pétreos utilizados en los monumentos
Resto del título : Madrid, noviembre 1965.
260 ## - PUBLICACIÓN, DISTRIBUCIÓN, ETC.
Lugar de publicación, distribución, etc. Madrid :
Nombre del editor, distribuidor, etc. Instituto Central de Conservación y Restauración de Obras de Arte, Arqueología y Etnología,
Fecha de publicación, distribución, etc. 1967 (
Lugar de fabricación/manufactura Valencia :
Fabricante Gráf. Soler)
300 ## - DESCRIPCIÓN FÍSICA
Extensión 223 p., 50 lám. ;
Dimensiones 24 cm.
500 ## - NOTA GENERAL
Nota general Precede al tít.: Ministerio de Educación y Ciencia. Dirección General de Bellas Artes, y Consejo Superior de Investigaciones Científicas.
710 1# - ENTRADA AGREGADA--NOMBRE DE ENTIDAD CORPORATIVA
Nombre de entidad corporativa o nombre de jurisdicción como elemento de entrada España.
Unidad subordinada Dirección General de Bellas Artes.
9 (RLIN) 3704
710 2# - ENTRADA AGREGADA--NOMBRE DE ENTIDAD CORPORATIVA
Nombre de entidad corporativa o nombre de jurisdicción como elemento de entrada Consejo Superior de Investigaciones Científicas (España)
9 (RLIN) 3236
710 2# - ENTRADA AGREGADA--NOMBRE DE ENTIDAD CORPORATIVA
Nombre de entidad corporativa o nombre de jurisdicción como elemento de entrada Instituto Central de Restauración y Conservación de Obras y Objetos de Arte, Arqueología y Etnología (España)
9 (RLIN) 163129
852 ## - LOCALIZACIÓN
Ubicación ES-MaACL
Número de control de estantería C-32360
Sublocalización o colección R.62972
Holdings
Estatus retirado Estado de pérdida Estado de daño No para préstamo Biblioteca de origen Biblioteca actual Ubicación en estantería Fecha de adquisición Fuente de adquisición Total de préstamos Signatura topográfica completa Código de barras Visto por última vez Precio de reemplazo Tipo de ítem Koha
        Biblioteca del Ateneo de Madrid Biblioteca del Ateneo de Madrid Depósito 2 17/01/2008     C-32360 1149925 23/02/2023 23/02/2023 Libro impreso